| 000 | 00552nam a2200193Ia 4500 | ||
|---|---|---|---|
| 005 | 20250508152511.0 | ||
| 008 | 008 250505s9999 xx 000 0 eng d | ||
| 037 | _aReference | ||
| 040 |
_aFEDL _beng _cFEDL |
||
| 041 |
_aeng _2eng |
||
| 084 |
_a371.335, ERI _qFEDL |
||
| 100 |
_aErickson Carlton W H _9761631 |
||
| 245 | 0 | _aAdministering audio-visual services | |
| 260 |
_aNew York, USA _bThe Macmillan Company _c1959 |
||
| 300 | _axv,479p | ||
| 546 | _aReplaced copy | ||
| 942 |
_cREF _h371.335, ERI |
||
| 999 |
_c1336828 _d1336828 |
||